LEADER 01263nam a2200289 i 4500 001 000000171500 003 CaOOAMICUS 005 20080430000000.0 008 080430s1988 it u000 u ita u 013 $a148931 020 $a88-15-01772-0 040 $aSeMil$bita 100 1 $aAverincev, Sergej Sergeevic <1937-2004>.$0(OLS)http://semarc/name/44632 245 12$aL'anima e lo specchio :$bl'universo della poetica bizantina /$cSergej S. Averincev. 260 $aBologna :$bIl Mulino,$ccopyr. 1988. 300 $a368 p. ;$c22 cm. 490 0 $aCollezione di testi e di studi. Linguistica e critica letteraria 500 $aFondo Card. Giovanni Colombo. 650 4$aLetteratura bizantina.$0(OLS)http://semarc/subject/1579 830 0$aCollezione di testi e di studi. Linguistica e critica letteraria.$0(OLS)http://semarc/title/10716 850 $aSeMil 852 $aSeMil$W1$xVenegono$y1$m1X II 35$j236242$B122369$CSeMilBibl$Z2$F133919 $81 941 1 $a3 961 $aOmaggio: Paleari don Marco 996 $6020$a88-15-01772-0$9(OLS)http://semarc/number/158603 996 $6245$aL'anima e lo specchio :$bl'universo della poetica bizantina$9(OLS)http://semarc/title/245363 996 $6260$aBologna :$bIl Mulino$9(OLS)http://semarc/publisher/29842 LEADER 01210nam a2200289 i 4500 001 000000041335 003 CaOOAMICUS 005 20070411000000.0 008 070411s1994 it u000 u ita u 013 $a12505 020 $a88-444-1264-0 040 $aSeMil$bita 100 1 $aCottini, Giulio.$0(OLS)http://semarc/name/20325 245 13$aLe api di Aristeo :$bpoesie '90-'93 /$cGiulio Cottini ; cinque carte volanti di Pier Luigi Parzini. 260 $aMilano :$bAll'insegna del pesce d'oro,$c1994. 300 $a98 p. :$bill. ;$c17 cm. 490 0 $aAcquario ;$vN.229 500 $aCopia n. 326. 650 4$aPoesia italiana - Sec. 20. - Testi.$0(OLS)http://semarc/subject/1280 700 1 $aParzini, Pier Luigi.$0(OLS)http://semarc/name/20326 830 0$aAcquario ;$vN.229.$0(OLS)http://semarc/title/8368 850 $aSeMil 852 $aSeMil$W1$xVenegono$y1$m1B I 82$j7490$B7490$CSeMilBibl$Z2$F7490 $81 961 $aOmaggio: Ampollini Maurizio 996 $6020$a88-444-1264-0$9(OLS)http://semarc/number/12074 996 $6245$aLe api di Aristeo :$bpoesie '90-'93$9(OLS)http://semarc/title/59815 996 $6260$aMilano :$bAll'insegna del pesce d'oro$9(OLS)http://semarc/publisher/29752